Normal view
MARC view
- التنويم المغناطيسي
Entry Topical Term
001 - CONTROL NUMBER
- control field: 13435
003 - CONTROL NUMBER IDENTIFIER
- control field: JO-AjAnu
005 - DATE AND TIME OF LATEST TRANSACTION
- control field: 20230606072441.0
008 - FIXED-LENGTH DATA ELEMENTS
- fixed length control field: 230606|| aca||aabn | a|a d
040 ## - CATALOGING SOURCE
- Original cataloging agency: JO-AjAnu
- Transcribing agency: JO-AjAnu
150 ## - HEADING--TOPICAL TERM
- Topical term or geographic name entry element: التنويم المغناطيسي
670 ## - SOURCE DATA FOUND
- Source citation: Work cat.: (JO-AjAnu)6912: داكو،بيير ، اسكندر،رعد ، بيثون،اركان/ترجمة, author 13434, استكشاف اغوار الذهن والتنويم المغناطيسي